Every Skin in Sonic Speed Simulator - Statistics

General Stats
  • This quiz has been taken 65 times
    23 since last reset
  • The average score is 34 of 299
Answer Stats
Rarity Answer % Correct
RARE Sonic
100%
RARE Tails
83%
RARE Knuckles
67%
LEGENDARY Rouge
67%
EPIC Amy
50%
COMMON Avatar
50%
EPIC Big
50%
EPIC Cream
50%
LEGENDARY Espio
50%
LEGENDARY Metal Sonic
50%
EPIC Riders Sonic
50%
UNCOMMON Sailor Sonic
50%
EPIC Sailor Tails
50%
LEGENDARY Shadow
50%
EPIC Stealth Suit Sonic
50%
SUPER Super Shadow
50%
SUPER Super Sonic
50%
LEGENDARY Adventure Knuckles
33%
RARE Adventure Sonic
33%
EPIC Aviator Tails
33%
LEGENDARY Birthday King Sonic
33%
LEGENDARY Charmy
33%
EPIC Chef Amy
33%
LEGENDARY Classic Sonic
33%
EXOTIC Fake Metal Sonic
33%
SEASONAL Holiday Cheer Sonic
33%
LEGENDARY Hologram Metal Sonic
33%
LEGENDARY Karate Sonic
33%
LEGENDARY LEGO Sonic
33%
EXOTIC/LIMITED Luminosity Sonic
33%
EPIC Mechanic Tails
33%
EXOTIC Movie Sonic
33%
SUPER Neo Metal Sonic
33%
SUPER Overclocked Metal Sonic
33%
LEGENDARY Prime Rouge
33%
EPIC Riders Tails
33%
LEGENDARY Sonic (New Yoke Style)
33%
SEASONAL Summer Sonic
33%
SEASONAL Vampire Sonic
33%
SEASONAL Werehog
33%
SEASONAL Winter Sonic
33%
LEGENDARY Adventure Shadow
17%
LEGENDARY Android Shadow Orange
17%
LEGENDARY Angler Big
17%
LEGENDARY Birthday Classic Sonic
17%
LEGENDARY Blaze
17%
EPIC Camper Knuckles
17%
SEASONAL Chained-Up Werehog
17%
EPIC Chrome Metal Sonic
17%
EXOTIC/LIMITED Chrome Style Jet
17%
EXOTIC/LIMITED Chrome Style Sonic
17%
LIMITED Chrome Style Vector
17%
LEGENDARY Classic Tails
17%
LEGENDARY Detective Tails
17%
EXOTIC DJ Vector
17%
SUPER Doom Shadow
17%
SEASONAL Easter Sonic
17%
SEASONAL Elf Tails
17%
EXOTIC Elite Sonic
17%
LEGENDARY Extreme Rider Sonic
17%
SEASONAL Fairytale Silver
17%
EXOTIC/LIMITED Fake Gold Sonic
17%
EXOTIC Fake Metal Knuckles
17%
EXOTIC Fake Metal Tails
17%
EXOTIC Football Sonic
17%
LEGENDARY Frontiers Sonic
17%
EXOTIC Gemerl
17%
LEGENDARY Golden Metal Sonic Mach 3.0
17%
EXOTIC/LIMITED Gold Metal Sonic
17%
LEGENDARY/EXOTIC/LIMITED Gold Racesuit Shadow
17%
LEGENDARY/EXOTIC/LIMITED Gold Racesuit Sonic
17%
EXOTIC/LIMITED Gold Style Jet
17%
LEGENDARY/LIMITED Gold Style Sonic
17%
LEGENDARY Gold Style Vector
17%
SEASONAL Gothic Amy
17%
EXOTIC Grind Shoe Sonic
17%
SUPER Holiday Cheer Super Sonic
17%
SEASONAL Holiday Classic Sonic
17%
EPIC Invisible Espio
17%
LEGENDARY Jester Sonic
17%
LEGENDARY Jet
17%
LEGENDARY Karate Shadow
17%
EPIC Kunoichi Amy
17%
LEGENDARY LEGO Metal Sonic
17%
LEGENDARY LEGO Rouge
17%
EPIC LEGO Tails
17%
EXOTIC/LIMITED Luminosity Charmy
17%
EXOTIC/LIMITED Luminosity Jet
17%
EXOTIC/LIMITED Luminosity Shadow
17%
LIMITED Luminosity Werehog
17%
LEGENDARY Maid Blaze
17%
LEGENDARY Marine
17%
EXOTIC Metal Sonic Mach 3.0
17%
LEGENDARY Movie Knuckles
17%
LEGENDARY Movie Tails
17%
LEGENDARY Nine
17%
LEGENDARY Ninja Sonic
17%
EXOTIC Ninja Sonic Maskless
17%
LEGENDARY Omega
17%
RARE Party Hat Tails
17%
EXOTIC Party Sonic
17%
EXOTIC Phantom Rider
17%
EXOTIC/LIMITED Phantom Rider Unmasked
17%
LEGENDARY Pirate Sonic
17%
LEGENDARY Pixel Sonic
17%
LEGENDARY Racesuit Classic Sonic
17%
LEGENDARY Racesuit Jet
17%
EXOTIC Racesuit Rouge
17%
LEGENDARY Racesuit Shadow
17%
EXOTIC Racesuit Sonic
17%
SEASONAL Reaper Metal Sonic
17%
LEGENDARY Rebel Rouge
17%
SEASONAL Reindeer Knuckles
17%
EPIC Riders Amy
17%
EPIC Riders Knuckles
17%
LEGENDARY Riders Rouge
17%
LEGENDARY Riders Shadow
17%
LEGENDARY Rockstar Sonic
17%
LEGENDARY Rusty Rose
17%
LEGENDARY Sheriff Sonic
17%
LEGENDARY Silver
17%
SEASONAL Skeleton Knuckles
17%
LEGENDARY Sonic (No Place Style)
17%
LEGENDARY Steampunk Sonic
17%
SEASONAL Summer Amy
17%
SEASONAL Summer Jet
17%
EPIC Treasure Hunter Knuckles
17%
LEGENDARY Tuxedo Classic Sonic
17%
EXOTIC Tuxedo Knuckles
17%
EXOTIC Tuxedo Sonic
17%
SEASONAL Valentine’s Sonic
17%
LEGENDARY Vector
17%
EXOTIC VIP Sonic
17%
LEGENDARY Wave
17%
LEGENDARY Whisper
17%
SEASONAL Winter Jet
17%
SEASONAL Witch Cream
17%
SEASONAL Witch Rouge
17%
LEGENDARY Zebra Sonic
17%
EXOTIC Adventure Rouge
0%
LEGENDARY Adventure Tails
0%
EPIC Android Shadow Blue
0%
EXOTIC/LIMITED Android Shadow Gold
0%
LEGENDARY Android Shadow Green
0%
EPIC Android Shadow Pink
0%
LEGENDARY Android Shadow Red
0%
LEGENDARY Android Shadow Yellow
0%
LEGENDARY Armored Metal Sonic
0%
LEGENDARY Batten Rouge
0%
LEGENDARY Biker Shadow
0%
LEGENDARY Black Rose
0%
LEGENDARY Captain Shadow
0%
EXOTIC Captain Vector
0%
EXOTIC Chaos Sonic
0%
EXOTIC Cheetah Shadow
0%
LIMITED Chrome Metal Sonic Mach 3.0
0%
Chrome Style Espio
0%
EXOTIC/LIMITED Chrome Style Knuckles
0%
LIMITED Chrome Style Omega
0%
EXOTIC/LIMITED Chrome Style Rouge
0%
EXOTIC/LIMITED Chrome Style Shadow
0%
EXOTIC/LIMITED Chrome Style Silver
0%
EXOTIC/LIMITED Chrome Style Tails
0%
EXOTIC Circuit Metal Sonic
0%
LEGENDARY Classic Amy
0%
LEGENDARY Classic Knuckles
0%
EXOTIC Clockwork Shadow
0%
LEGENDARY Darkness Riders Shadow
0%
SUPER Dark Shadow
0%
LEGENDARY Desert Style Gemerl
0%
EPIC Diesel Punk Knuckles
0%
EXOTIC DJ Knuckles
0%
UNCOMMON Drummer Cream
0%
EPIC E-10000A
0%
LEGENDARY E-10000C
0%
EPIC E-10000G
0%
LEGENDARY E-10000O
0%
RARE E-10000P
0%
EXOTIC E-10000R
0%
LEGENDARY E-10000Y
0%
SEASONAL Easter Amy
0%
SEASONAL Easter Blaze
0%
SEASONAL Easter Cream
0%
LEGENDARY Egg Robo
0%
EXOTIC Elite Agent Rouge
0%
SUPER ESP Silver
0%
LEGENDARY Extreme Rider Amy
0%
LEGENDARY Extreme Rider Shadow
0%
LEGENDARY Extreme Rider Tails
0%
SEASONAL Fairytale Amy
0%
SEASONAL Fairytale Cream
0%
EXOTIC/LIMITED Fake Gold Knuckles
0%
EPIC Flame Shadow
0%
EXOTIC Football Shadow
0%
EXOTIC Fortune Teller Amy
0%
SEASONAL Ghost Charmy
0%
EXOTIC/LIMITED Gold Style Knuckles
0%
LEGENDARY Gold Style Omega
0%
EXOTIC/LIMITED Gold Style Rouge
0%
LEGENDARY Gold Style Shadow
0%
LEGENDARY Gold Style Silver
0%
EXOTIC/LIMITED Gold Style Tails
0%
EXOTIC/LIMITED Gothic Metal Sonic
0%
SEASONAL Grim Reaper Metal Sonic
0%
EXOTIC Heavy Metal Sonic
0%
SUPER Hero Shadow
0%
SEASONAL Holiday Cheer Amy
0%
SEASONAL Holiday Cheer Big
0%
SEASONAL Holiday Cheer Blaze
0%
SEASONAL Holiday Cheer Rouge
0%
SEASONAL Holiday Cheer Silver
0%
SEASONAL Holiday Cheer Tangle
0%
SEASONAL Holiday Shadow
0%
LEGENDARY Holographic Metal Sonic
0%
EXOTIC Knuckles the Dread
0%
EXOTIC Kunoichi Rouge
0%
EXOTIC/LIMITED Land Style Gemerl
0%
LEGENDARY Land Style Omega
0%
EPIC LEGO Amy
0%
EPIC LEGO Knuckles
0%
EPIC LEGO Shadow
0%
EXOTIC/LIMITED Luminosity Amy
0%
EXOTIC/LIMITED Luminosity Blaze
0%
EXOTIC/LIMITED Luminosity Espio
0%
EXOTIC/LIMITED Luminosity Knuckles
0%
EXOTIC/LIMITED Luminosity Metal Sonic
0%
EXOTIC/LIMITED Luminosity Omega
0%
EXOTIC/LIMITED Luminosity Rouge
0%
EXOTIC/LIMITED Luminosity Silver
0%
EXOTIC/LIMITED Luminosity Tails
0%
EXOTIC/LIMITED Luminosity Vector
0%
LEGENDARY Magical Girl Blaze
0%
EXOTIC Mech Pilot Tails
0%
EXOTIC Metal Sonic Mach 3.0 (Deadly Indigo)
0%
EXOTIC Missile Egg Robo
0%
SEASONAL Mummy Espio
0%
EXOTIC Neon Suit Shadow
0%
LEGENDARY Neon Suit Sonic
0%
LEGENDARY Ninja Espio
0%
LEGENDARY Ninja Shadow
0%
EXOTIC Ninja Shadow Maskless
0%
LEGENDARY Outlaw Shadow
0%
LEGENDARY Party Hat Amy
0%
RARE Party Hat Knuckles
0%
LEGENDARY Pixel Amy
0%
LEGENDARY Pixel Knuckles
0%
EXOTIC Pixel Tails
0%
EPIC Popstar Amy
0%
SEASONAL Pumpkin Omega
0%
LEGENDARY Racesuit Amy
0%
EXOTIC Racesuit Big
0%
LEGENDARY Racesuit Blaze
0%
LEGENDARY Racesuit Classic Amy
0%
LEGENDARY Racesuit Classic Knuckles
0%
LEGENDARY Racesuit Classic Tails
0%
EXOTIC Racesuit Cream
0%
EXOTIC Racesuit Espio
0%
EXOTIC Racesuit Knuckles
0%
EXOTIC Racesuit Metal Sonic
0%
EXOTIC Racesuit Omega
0%
LEGENDARY Racesuit Silver
0%
LEGENDARY Racesuit Tails
0%
EXOTIC Racesuit Vector
0%
LEGENDARY Renegade Knucks
0%
LEGENDARY Riders Blaze
0%
LEGENDARY Riders Cream
0%
LEGENDARY Riders Silver
0%
LEGENDARY Riders Vector
0%
EXOTIC Rockstar Blaze
0%
EXOTIC Rockstar Rouge
0%
EXOTIC Rockstar Shadow
0%
EXOTIC Rockstar Silver
0%
LEGENDARY Royal King Shadow
0%
LEGENDARY Scarecrow Gemerl
0%
LEGENDARY Sea Style Omega
0%
EXOTIC Series Knuckles
0%
EXOTIC Steampunk Silver
0%
LEGENDARY Storm
0%
SEASONAL Summer Blaze
0%
SEASONAL Summer Cream
0%
SEASONAL Summer Espio
0%
SEASONAL Summer Knuckles
0%
SEASONAL Summer Rouge
0%
SEASONAL Summer Shadow
0%
SEASONAL Summer Silver
0%
SEASONAL Summer Storm
0%
SEASONAL Summer Tails
0%
SEASONAL Summer Tangle
0%
SEASONAL Summer Wave
0%
SEASONAL Summer Whisper
0%
LEGENDARY Tangle
0%
LEGENDARY Toy Maker Tails
0%
SEASONAL Valentine’s Amy
0%
SEASONAL Vampire Shadow
0%
SEASONAL Vampire Silver
0%
EXOTIC Warlock Shadow
0%
SEASONAL Winter Cream
0%
SEASONAL Winter Shadow
0%
SEASONAL Witch Blaze
0%
No matching quizzes found
Score Distribution
Percent of People with Each Score
Percentile by Number Answered
Your Score History
You have not taken this quiz since the last reset